TAX SYSTEM OF THE SLOVAK REPUBLIC WITH REGARD TO THE BEHAVIOURAL ASPECT OF TAX EVASION diplomová práca

Guardado en:
Detalles Bibliográficos
Autor principal: Tomečková, Denisa
Autor Corporativo: Národohospodárska fakulta EU. Katedra financií
Otros Autores: Péliová, Jana, 1976-
Formato: Libro
Lenguaje:eslovaco
Publicado: Bratislava 2018
Etiquetas: Agregar Etiqueta
Sin Etiquetas, Sea el primero en etiquetar este registro!

MARC

LEADER 00000nbm a2200000 4500
001 0244417
005 20181127085802.8
041 0 |a slo 
044 |a SK 
245 1 0 |a TAX SYSTEM OF THE SLOVAK REPUBLIC WITH REGARD TO THE BEHAVIOURAL ASPECT OF TAX EVASION  |b diplomová práca  |c Denisa Tomečková ; školiteľ: Jana Péliová 
264 1 |a Bratislava  |c 2018 
300 |a 49 s. 
100 1 |a Tomečková, Denisa 
700 1 |a Péliová, Jana, 1976- 
710 2 |a Národohospodárska fakulta EU. Katedra financií